[Event "World Junior U20 Open 2018"]
[Site "Gebze"]
[Date "2018.09.14"]
[Round "10.11"]
[White "Pichot, Alan"]
[Black "Bellahcene, Bilel"]
[Result "1-0"]
[WhiteElo "2562"]
[BlackElo "2501"]
[Annotator "TA"]
[PlyCount "73"]
[EventDate "2018.09.05"]
[EventType "swiss"]
[EventCountry "TUR"]
[SourceTitle "playchess.com"]
[Source "ChessBase"]
[SourceQuality "1"]

{[%evp 20,73,17,20,18,25,41,0,0,0,0,0,0,0,0,0,0,0,54,30,33,14,39,35,66,62,79,71,83,48,82,72,235,250,223,213,599,558,618,605,882,864,864,856,872,829,782,743,1044,1029,1152,1058,1611,1562,1436,1394]} 1. e4 c5 2. Nf3 d6 3. d4 cxd4 4. Nxd4 Nf6 5. Nc3 a6 6. Bg5 Nbd7 7. Qe2 {B94: Sizilianisch (Najdorf-Variante mit 6.Lg5)} h6 8. Bh4 g6 9. f4 e5 (9... Qc7 10. O-O-O Bg7 11. g4 e5 12. fxe5 Nxe5 13. h3 Be6 14. Qf2 Nfd7 {½-½ (26) Carlsen,M (2842)-Svidler,P (2753) Biel 2018}) 10. fxe5 dxe5 11. O-O-O {LiveBook: 83 Partien} Qc7 12. Nb3 b5 13. Nd5 Nxd5 14. exd5 Bd6 {[#]} 15. Nd2 $146 O-O 16. g4 Nc5 17. Kb1 f5 18. Bh3 Kh7 (18... Na4 $1 $11) 19. gxf5 $14 Bxf5 20. Qg2 Rac8 {Weiss muss nun ...Lxc2+! beachten.} 21. Bxf5 gxf5 22. Rhg1 {Weiss will mit Dg6+ Matt setzen.} Qf7 23. Qh3 {Droht stark Lg5.} Rg8 24. Bf2 $40 {[%mdl 128] Schwarz muss sich nun genau verteidigen.} Rcf8 25. Be3 {[%csl Ge3][%cal Rh3h6]} Qf6 $2 {[#]} (25... f4 $16 26. Bxc5 Bxc5 27. Rxg8 Qxg8) 26. Rxg8 $1 $18 Rxg8 {[#]} 27. Rf1 $1 {[%cal Rf1f5]} Rf8 $2 (27... f4 {ist eine bessere Chance.}) 28. b4 {Weiß steht klar auf Gewinn.} Na4 {[#] Droht ...e4 und aus.} 29. Ne4 $1 {[%cal Re4f6][%mdl 512]} fxe4 30. Rxf6 Rxf6 {[#]} 31. c4 $1 {[%mdl 512]} Bxb4 (31... bxc4 32. Qd7+) 32. Qd7+ Kg8 33. Qe8+ Kg7 34. Qxe5 Bd6 35. Qh5 Bc5 36. Qg4+ Kf7 37. Qd7+ {Precision: Weiß = 91%, Schwarz = 39%.} 1-0

[Event "World Junior U20 Open 2018"]
[Site "Gebze"]
[Date "2018.09.14"]
[Round "10.12"]
[White "Lee, Jun Hyeok"]
[Black "Lomasov, Semyon"]
[Result "1/2-1/2"]
[WhiteElo "2263"]
[BlackElo "2545"]
[Annotator "TA"]
[PlyCount "79"]
[EventDate "2018.09.05"]
[EventType "swiss"]
[EventCountry "TUR"]
[SourceTitle "playchess.com"]
[Source "ChessBase"]
[SourceQuality "1"]

{[%evp 11,79,11,16,0,0,0,0,0,0,0,0,0,0,0,0,0,16,20,20,0,0,0,0,1,7,-20,-20,-14,-18,-20,-17,-20,-14,-47,-12,-88,-2,-8,0,0,0,0,0,0,10,2,1,9,2,3,13,12,12,14,23,8,10,6,4,0,0,0,1,0,2,0,0,0,0,0]} 1. Nf3 c5 2. c4 Nc6 3. d4 cxd4 4. Nxd4 Nf6 5. Nc3 e6 {[%cal Be7e6,Be6e5][%mdl 32]} 6. Bf4 d6 {[#] LiveBook: 40 Games. ...Nxd4 is the strong threat. A33: Symmetrical English: 2 Nf3 Nf6 3 d4 cxd4 4 Nxd4 e6 5 Nc3 Nc6} 7. e3 (7. Bg3 Nh5 8. e3 Nxg3 9. hxg3 Bd7 10. Ndb5 Qb6 11. Qd2 O-O-O 12. Ne4 Kb8 13. Nbxd6 f5 14. c5 {1-0 (57) Bu,X (2712)-Le,Q (2728) Danzhou 2018}) 7... e5 8. Nxc6 bxc6 9. Bg3 Rb8 10. Qc2 $146 ({Predecessor:} 10. Rb1 Qa5 11. Bd3 Be7 12. O-O Be6 13. h3 O-O 14. Qc2 {1-0 (35) Cordova,E (2606)-Borges Matos,J (2446) Lima 2018}) 10... Nh5 11. Be2 Nxg3 12. hxg3 h6 13. Rb1 Qa5 14. O-O Be7 15. a3 O-O 16. b4 Qc7 ({But not} 16... Qxa3 $2 17. Ra1 $18) 17. b5 Be6 18. Bf3 cxb5 ({Much weaker is} 18... Bxc4 $6 19. bxc6 Qa5 20. Rfd1 $16) 19. Nd5 Bxd5 20. Bxd5 bxc4 21. Rfc1 Rxb1 22. Qxb1 Qc5 23. e4 (23. Qb7 $11 Qa5 24. Rxc4) 23... c3 ({Black should play} 23... Qxa3 $17 {Threatens to win with ...c3.} 24. Rxc4 Bd8) 24. Qb3 $11 Rc8 25. Bxf7+ Kh8 26. Be6 Rf8 27. Bf5 Qb6 28. Rxc3 {Black should prevent Qe6.} Qxb3 29. Rxb3 {[%mdl 4096] Endgame KRB-KRB} d5 30. Kf1 dxe4 31. Bxe4 Bc5 32. f3 Kg8 33. Ke2 Kf7 {The position is equal.} 34. a4 Rd8 35. Rb5 Bd4 36. f4 exf4 37. gxf4 Rd7 38. Kf3 Rc7 39. Kg4 Ke7 40. Rb7 {Precision: White = 55%, Black = 56%.} 1/2-1/2

[Event "World Junior U20 Open 2018"]
[Site "Gebze"]
[Date "2018.09.14"]
[Round "10.13"]
[White "Nikitenko, Mihail"]
[Black "Karthikeyan, Murali"]
[Result "0-1"]
[WhiteElo "2368"]
[BlackElo "2605"]
[Annotator "TA"]
[PlyCount "155"]
[EventDate "2018.09.05"]
[EventType "swiss"]
[EventCountry "TUR"]
[SourceTitle "playchess.com"]
[Source "ChessBase"]
[SourceQuality "1"]

{[%evp 22,155,19,22,25,-11,-17,-12,-20,-23,-4,-8,-10,-26,0,0,0,-8,-8,-8,-9,-5,0,0,0,-20,-28,-29,-19,-19,0,-24,0,-25,-10,-31,0,-14,-6,-186,-181,-190,-181,-187,-193,-173,-57,-46,-43,-157,-96,-98,81,78,606,425,490,490,459,281,273,274,237,-11,-10,-20,0,0,0,-25,-28,-106,-98,-105,-71,-70,-67,-67,-12,-12,-16,-16,-8,-8,-8,-17,-17,-17,-17,-16,-14,-109,-109,-110,-107,-129,0,-127,-125,-184,-184,-184,-184,-184,-184,-184,-184,-184,-184,-184,-184,-184,-184,-29948,-29952,-29956,-29958,-29969,-29971,-29969,-29962,-29972,-29973,-29973,-29974,-29974,-29975,-29975,-29976,-29977,-29976,-29979,-29980,-29980,-29979,-29991]} 1. Nf3 Nf6 2. b3 g6 3. Bb2 Bg7 4. g3 O-O 5. Bg2 c5 6. c4 Nc6 7. O-O d6 8. d4 cxd4 9. Nxd4 Bd7 10. Nc3 Rc8 11. e3 a6 12. Rc1 {LiveBook: 4 Games} Nxd4 {E60: King's Indian: Unusual lines and Fianchetto Variation without Nc3} 13. exd4 (13. Qxd4 {is interesting.} Bc6 14. Bxc6 Nd7 15. Qd2 bxc6 16. Na4) 13... b5 14. cxb5 axb5 {[#] The position is equal.} 15. a3 $146 ({Predecessor:} 15. b4 Rc4 16. a3 Qb6 17. Qe2 e6 18. d5 e5 19. Nb1 Rfc8 20. Rxc4 Rxc4 {1-0 (48) Gunina,V (2522)-Dzagnidze,N (2570) Beijing 2014}) 15... Qb6 16. Re1 e6 17. Qd2 d5 18. Na2 {[#]} Ne4 $1 {[%mdl 512]} 19. Qd3 (19. Bxe4 Rxc1) 19... Nd6 20. Nb4 Nf5 {[%cal Rg7d4]} 21. Rcd1 Rc7 22. Bh3 Ne7 23. Bf1 Rfc8 24. Rd2 Bh6 25. Rc2 Nf5 26. Bh3 Ne7 {[%cal Bf5e7,Be7c6,Bc6a5,Ba5b7,Bb7d6][%mdl 32]} 27. Bf1 Nc6 28. Rc5 (28. Qxb5 $2 Qxb5 29. Bxb5 Nxb4 $19) 28... Na5 29. Bg2 Nb7 30. Rxd5 $2 (30. Rxc7 $11 Qxc7 31. Qe2) 30... exd5 $19 31. Nxd5 Qa6 ({But not} 31... Qa5 32. b4 $17) 32. Ne7+ Kf8 $1 33. Nxc8 Bxc8 (33... Rxc8 $19 34. Bc3 Kg8) 34. a4 $15 Nd6 35. d5 (35. Ba3 $1 $15) 35... Bg7 ({Black should try} 35... Qb6 {White must now prevent ...bxa4.} 36. Qe2 Bg7 37. axb5 Kg8 38. Bxg7 Kxg7) 36. Ba3 $17 Bc3 $2 (36... Kg8 $17 {stays on course. Strongly threatening ...Qa5.} 37. Qe3 Bb7) 37. Rc1 $1 $16 {[%cal Rc1c3]} ({Inferior is} 37. Qxb5 Bxe1 38. Qxa6 Bxa6 $17) 37... Bb4 $2 {[%mdl 8192]} (37... b4 $16 38. Qxa6 Bxa6 39. Bxb4 Bxb4 40. Rxc7 Bb7) 38. Qd4 Rxc1+ 39. Bxc1 {White threatens Qh8+ and mate.} Qa5 40. Qh8+ (40. Qe5 $142 {White wants to mate with Bh6+.} f6 41. Qxf6+ Kg8 42. Bb2) 40... Ke7 $18 {Black wants to play ...Bf5.} 41. Bg5+ Kd7 {[#]} 42. Qf6 $2 (42. Bh3+ $1 $18 Nf5 43. Qxh7) 42... Kc7 $11 43. Bf4 bxa4 {...a3 is the strong threat.} 44. Qxf7+ Kb8 {And now ...a3 would win.} 45. Qf6 Qb6 46. bxa4 (46. Be3 $1 $11 Bc5 47. Bxc5 Qxc5 48. bxa4) 46... Bc5 $17 47. Bxd6+ Bxd6 48. h4 Qc5 {Hoping for ...Bxg3.} 49. a5 Bc7 (49... Qc7 $15) 50. Qb2+ $11 Ka7 51. Qg7 Ka6 {Threatens to win with ...Bxg3.} 52. Qxh7 Bf5 {( -> ...Bxg3)} 53. Kh2 Bxa5 54. d6 {[%csl Gg2][%cal Rh7b7]} Bb6 ({Weaker is} 54... Qxf2 55. Qb7#) 55. Qb7+ Ka5 56. d7 (56. Qd5 $11) 56... Qxf2 $17 {[%csl Gb6][%cal Rf2g1]} 57. Qd5+ Kb4 {[%csl Gb6][%cal Rf2g1]} 58. Qd6+ {[#]} Kc4 ({Black should play} 58... Kb3 $1 $17 {[%csl Gb6][%cal Rf2g1]} 59. Qd5+ Kc3 60. Qf3+ Qxf3 61. Bxf3 Bxd7) 59. Qd5+ (59. Qd1 $11 {remains equal.}) 59... Kc3 {[%csl Gb6][%cal Rf2g1]} 60. Qc6+ (60. Qe5+ $17 {is a better defense.} Kc2 61. Qa1 Bxd7 62. Qa2+ Kc3 63. Qa1+ Kc4 64. Qc1+ Kb5 65. Qb1+ Kc4 66. Qe4+ Kc3 67. Qe5+ Qd4 68. Qe1+ Kc4 69. Be4) 60... Kb2 $19 {[%csl Gb6][%cal Rf2g1]} 61. Qb5+ Ka3 {[%csl Gb6][%cal Rf2g1]} 62. Qf1 Qxf1 63. Bxf1 Bxd7 64. Bd3 Be8 65. Kh3 Kb4 66. Be2 Bd8 67. g4 $2 (67. Kg4 $19) 67... Kc3 {Black mates.} 68. g5 Kd2 69. Bf3 Ke3 70. Bg4 Kf4 71. Bd1 Ba5 72. Bg4 Be1 73. Be6 Bg3 74. h5 gxh5 75. Bd5 Be1 76. Be6 Kxg5 77. Bc8 Bb5 78. Bd7 {Precision: White = 44%, Black = 50%.} 0-1

[Event "World Junior U20 Open 2018"]
[Site "Gebze"]
[Date "2018.09.14"]
[Round "10.14"]
[White "Janik, Igor"]
[Black "Van Foreest, Jorden"]
[Result "0-1"]
[WhiteElo "2447"]
[BlackElo "2624"]
[Annotator "TA"]
[PlyCount "76"]
[EventDate "2018.09.05"]
[EventType "swiss"]
[EventCountry "TUR"]
[SourceTitle "playchess.com"]
[Source "ChessBase"]
[SourceQuality "1"]

{[%evp 13,76,5,23,20,37,-35,-29,-27,-25,-37,-35,-48,-16,-62,-15,-49,-20,-25,-25,-203,-211,-213,-200,-206,-202,-323,-341,-407,-392,-402,-389,-397,-228,-353,-351,-343,-359,-344,-329,-344,-337,-323,-303,-431,-255,-448,-279,-579,-578,-518,-518,-621,-614,-628,-640,-632,-691,-1078,-996,-1868,-1893,-29982,-29982,-29981,-29974]} 1. d4 f5 2. g3 Nf6 3. Bg2 e6 4. c4 Be7 5. Nf3 O-O 6. O-O Ne4 7. Nfd2 d5 {LiveBook: 14 Games. A92: Classical Dutch: Classical Stonewall (with ...Be7): Early deviations} 8. Nc3 (8. f3 Nxd2 9. Bxd2 c5 {½-½ (9) Kantorik,M (2259)-Certek,P (2276) Banska Stiavnica 2017}) 8... c6 9. f3 (9. Ndxe4 $14 fxe4 10. Bf4) 9... Nxd2 $15 {Black is slightly better.} 10. Qxd2 $146 ({Predecessor:} 10. Bxd2 dxc4 11. Be3 Nd7 12. Bf2 Nf6 13. e4 Kh8 14. Qe2 f4 15. Qxc4 fxg3 16. hxg3 {1-0 (36) De Jong,P-Boshuis,W Netherlands 1986}) 10... dxc4 11. Rd1 b5 12. e4 Nd7 13. Qe2 Nb6 14. a3 a5 15. f4 Bd7 16. d5 $2 {[#]} (16. Be3 $11 {and White has nothing to worry.}) 16... exd5 $1 $19 17. exd5 Bc5+ 18. Kf1 Re8 19. Qc2 (19. Qh5 $142 g6 20. Qh4 Qxh4 21. gxh4) 19... Qf6 20. dxc6 Bxc6 21. Bxc6 Qxc6 {[%cal Rc6h1]} 22. Qg2 Qxg2+ 23. Kxg2 b4 24. axb4 axb4 25. Rxa8 Rxa8 (25... Nxa8 26. Na4 $17) 26. Ne2 Ra2 {Hoping for ...c3.} 27. Kf3 {[#]} c3 $1 {[%mdl 512]} 28. b3 (28. bxc3 $142 b3 29. Nd4) 28... Kf7 (28... Ra1 $142 29. Rd8+ Kf7) 29. Rd8 $2 (29. Be3 Bxe3 30. Kxe3) 29... Ke7 30. Rg8 $2 {[#]} (30. Rd1) 30... Rb2 $1 {[%mdl 512]} 31. Rxg7+ (31. Bxb2 cxb2) 31... Kd6 32. Rf7 {White hopes to continue with Rf6+.} Rxb3 33. Rxf5 {[#]} Rb2 $1 {[%mdl 512]} 34. Rf6+ (34. Bxb2 cxb2) 34... Kd5 ({Not} 34... Ke7 35. Rc6 $17) 35. Rh6 Rc2 36. Be3 Bxe3 37. Kxe3 Nc4+ 38. Kf3 {[#]} Rxe2 $1 {[%mdl 512] Precision: White = 31%, Black = 81%.} 0-1

[Event "World Junior U20 Open 2018"]
[Site "Gebze"]
[Date "2018.09.14"]
[Round "10.15"]
[White "Donchenko, Alexander"]
[Black "Batsuren, Dambasuren"]
[Result "1-0"]
[WhiteElo "2614"]
[BlackElo "2446"]
[Annotator "TA"]
[PlyCount "133"]
[EventDate "2018.09.05"]
[EventType "swiss"]
[EventCountry "TUR"]
[SourceTitle "playchess.com"]
[Source "ChessBase"]
[SourceQuality "1"]

{[%evp 14,133,17,18,43,0,0,0,0,0,0,0,0,0,0,0,18,17,6,24,19,21,12,18,12,13,12,12,19,12,16,10,20,12,35,35,35,35,35,47,38,34,42,43,37,30,61,39,47,39,91,76,68,39,178,158,158,178,204,206,219,220,213,204,250,258,283,275,410,418,417,417,385,230,654,639,717,812,739,732,731,666,831,831,831,768,741,684,945,810,1550,1537,1321,1281,1208,808,657,461,2130,1135,12836,932,1151,1276,1405,832,12836,2370,12845,1101,12845,12845,12845,12846,29995,12847,29995,12845,12845,12846,12846,12847]} 1. c4 Nf6 2. Nc3 e6 3. e4 d5 4. e5 d4 5. exf6 dxc3 6. bxc3 Qxf6 7. d4 e5 8. Nf3 Nc6 {A18: English Opening: Flohr-Mikenas System (1 c4 Nf6 2 Nc3 e6 3 e4)} (8... exd4 9. Bg5 Qe6+ 10. Be2 Be7 11. cxd4 Bxg5 12. Nxg5 Qg6 13. f4 O-O 14. O-O h6 15. Nf3 Nc6 16. Rc1 Qd6 17. Qd2 Bg4 18. c5 Qf6 19. d5 {½-½ (49) Navara,D (2727)-Harikrishna,P (2732) Prague 2018}) 9. Bg5 Qg6 10. d5 Nb8 {The position is equal.} 11. Bd3 f5 {White must now prevent ...e4.} 12. h4 $1 {[%cal Bh2h4,Bh4h5][%mdl 32]} e4 $1 {[%cal Re4f3]} 13. h5 $1 {[%cal Rh5g6]} ({Much weaker is} 13. Ne5 Qd6 $17) 13... Qd6 14. Bxe4 $146 ({Predecessor:} 14. O-O h6 15. Bh4 Be7 16. Bc2 {½-½ (26) Jonckheere,P (2358)-Sjol,H (2232) ICCF email 2013}) 14... h6 15. c5 $1 {[%cal Rc5d6]} Qxc5 16. Be3 Qxc3+ 17. Bd2 Qf6 18. Bc2 {White wants to play 0-0.} Bd6 19. Qe2+ Qe7 20. Qxe7+ Bxe7 21. O-O {Hoping for Rae1.} O-O 22. Rfe1 Bd6 23. Ne5 Na6 24. Ng6 Rd8 25. Ne7+ Kf8 26. Nxc8 Rdxc8 27. Rab1 Nc5 28. Bxf5 Re8 29. Bc3 $36 {[%mdl 2048] White has good play.} Na4 30. Ba1 Rxe1+ 31. Rxe1 {aiming for Re4.} Nb6 (31... b5 $14) 32. Be6 {Re3 is the strong threat.} Re8 {Threatening ...Nxd5.} 33. Re4 c6 {[#]} ({Black should try} 33... Re7 $14) 34. Rg4 $1 $18 Re7 {[#]} 35. Bf6 $1 {[%mdl 512]} Rc7 (35... gxf6 36. Rg8#) 36. Bd8 Nxd5 37. Bxc7 Nxc7 {[%mdl 4096] Endgame KRB-KBN} 38. Bc8 b5 39. Rg6 Ne8 40. Re6 c5 (40... Bc7 {was worth a try.} 41. Bd7 Nf6) 41. Bd7 Be7 42. Bxe8 Kxe8 {KR-KB} 43. Kf1 (43. Ra6 $142) 43... a5 $2 (43... Kd7 44. Ra6 Bf6 45. Rxa7+ Kd6 46. Ra6+ Kd5) 44. Ke2 a4 45. Rb6 b4 46. Kd3 Bf6 47. Rb7 Kf8 48. Kc4 Bd4 49. f3 Be3 50. Rd7 a3 51. Kd5 Kg8 52. Rb7 Kf8 53. Ke6 {[%cal Rb7b8]} Kg8 54. Rb5 Kh7 55. g4 Kg8 {[#]} (55... g5 $142 56. Rb7+ Kg8) 56. f4 $1 {[%mdl 512]} Kh7 (56... Bxf4 57. Rxc5) 57. Kd5 (57. Kf5 $142 Bg1 58. Rb7) 57... Bd4 58. Rb7 Be3 59. Ke4 Bc1 60. Kf5 Bd2 61. Rc7 (61. g5 $142 hxg5 62. fxg5) 61... Be3 62. g5 hxg5 63. fxg5 {[%cal Bf4g5,Bg5g6][%mdl 32]} Bd2 64. Rxc5 (64. g6+ $142 Kh6 65. Kg4 Bg5 66. Rc8 Bd8 67. Rxd8 c4 68. Rh8#) 64... b3 65. axb3 (65. g6+ $142 Kh6 66. Kg4 Bb4 67. Rc8 Bf8 68. Rxf8 bxa2 69. Rh8#) 65... a2 66. g6+ Kh6 67. Rc8 {Precision: White = 72%, Black = 35%.} 1-0

[Event "World Junior U20 Open 2018"]
[Site "Gebze"]
[Date "2018.09.14"]
[Round "10.16"]
[White "Xu, Xiangyu"]
[Black "Escalante Ramirez, Brian Sebasti"]
[Result "1/2-1/2"]
[WhiteElo "2586"]
[BlackElo "2436"]
[Annotator "TA"]
[PlyCount "65"]
[EventDate "2018.09.05"]
[EventType "swiss"]
[EventCountry "TUR"]
[SourceTitle "playchess.com"]
[Source "ChessBase"]
[SourceQuality "1"]

{[%evp 21,65,7,41,0,0,0,59,37,46,34,87,74,51,39,54,31,45,30,25,32,58,65,64,52,87,87,114,113,100,112,118,111,114,107,116,93,102,89,100,98,98,71,157,72,65,0]} 1. e4 e6 2. d4 d5 3. Nd2 Be7 4. Bd3 c5 5. dxc5 Nf6 6. Qe2 O-O 7. Ngf3 {C03: French Tarrasch: Unusual Black 3rd moves} a5 8. O-O Na6 9. e5 Nd7 10. c4 Ndxc5 11. Bb1 Nc7 {LiveBook: 6 Games} (11... d4 12. Rd1 d3 13. Qe3 b6 14. Ne1 Bb7 15. Nxd3 {½-½ (57) Liang,A (2552)-So,W (2786) Saint Louis 2018}) 12. cxd5 Nxd5 13. Ne4 {Strongly threatening Nxc5.} Nxe4 (13... b6 $11) 14. Qxe4 $14 {[%csl Gb1][%cal Re4h7]} g6 15. h4 $146 ({Predecessor:} 15. Bh6 Re8 16. Rd1 Qb6 17. Qe2 Bd7 18. Ng5 Bc6 19. Be4 {½-½ (19) Geske,J (2276)-Natsidis,C (2304) Marianske Lazne 2010}) 15... Ra6 ({Better is} 15... Qb6 $14) 16. Bh6 $16 Re8 17. Ng5 Bf8 18. Qf3 Qe7 19. Bxf8 Rxf8 20. Qg3 $40 {[%mdl 128] Black needs to defend precisely.} f5 21. exf6 Qxf6 22. Bd3 Rb6 23. b3 Rb4 24. Bc4 Nf4 {Threatens to win with ...Rxc4!} 25. Rae1 b5 26. a3 bxc4 27. axb4 axb4 28. bxc4 {Hoping for Qe3.} Ba6 {[#]} 29. Qb3 $1 {And now g3 would win.} Qc3 30. Qa4 Bxc4 {[#] aiming for ...h6.} 31. Re3 $1 {[%cal Re3c3]} Qg7 (31... Qb2 $142) 32. Rfe1 (32. Rc1 $142 Bd5 33. Qxb4) 32... Qb7 {[%csl Gf4][%cal Rb7g2]} 33. Rf3 {Precision: White = 68%, Black = 44%.} (33. Re4 $14) 1/2-1/2

[Event "World Junior U20 Open 2018"]
[Site "Gebze"]
[Date "2018.09.14"]
[Round "10.17"]
[White "Zarubitski, Viachaslau"]
[Black "Aravindh, Chithambaram VR"]
[Result "0-1"]
[WhiteElo "2425"]
[BlackElo "2578"]
[Annotator "TA"]
[PlyCount "82"]
[EventDate "2018.09.05"]
[EventType "swiss"]
[EventCountry "TUR"]
[SourceTitle "playchess.com"]
[Source "ChessBase"]
[SourceQuality "1"]

{[%evp 14,82,18,0,9,-7,6,0,0,-14,-19,-33,-40,-64,-8,-20,-5,-3,-26,-16,-5,-11,-17,-41,-49,-44,-40,-65,-49,-43,-25,-51,-20,-15,0,-10,0,0,7,-107,-15,-14,-20,-16,-21,-29,0,-80,-63,-265,-254,-942,-944,-789,-362,-536,-529,-811,-29,-17,-20,-1063,-1054,-5090,-5022,-5181,-4966,-29956,-5265,-29986,-29987]} 1. e4 c5 2. Nf3 Nc6 3. Bb5 g6 4. Bxc6 bxc6 5. O-O Bg7 6. Re1 Nh6 7. d3 {B31: Sicilian: 2...Nc6 3 Bb5 g6} (7. c3 O-O 8. h3 f5 9. e5 Nf7 10. d3 a5 11. Bf4 e6 12. Qd2 h6 13. h4 Re8 14. c4 d6 15. Nc3 Ra7 {1-0 (35) Anand,V (2776)-Dubov,D (2701) Moscow 2018}) 7... O-O 8. h3 {LiveBook: 6 Games} f6 9. c3 {The position is equal.} Nf7 10. Be3 d6 11. Qa4 $146 ({Predecessor:} 11. d4 cxd4 12. cxd4 Rb8 13. b3 Qa5 {0-1 (54) Krutko,A (2428)-Vokarev,S (2466) Nizhnij Tagil 2007}) 11... Bd7 12. Nbd2 e5 13. Nc4 f5 (13... a5 $15) 14. exf5 $1 $11 gxf5 15. Nxd6 $1 Nxd6 16. Bxc5 Nf7 {Black wants to play ...Re8.} 17. Bxf8 Qxf8 18. Re2 Qd6 {[%mdl 1024] Black has compensation.} 19. Rae1 c5 20. Qh4 Kh8 (20... Qxd3 $6 21. Rd2 $14) 21. Qh5 Rf8 22. Nh4 Qf6 (22... f4 $5 {[%cal Rd6d3]}) 23. f4 Be8 $1 24. Nf3 c4 25. dxc4 e4 $132 {[%mdl 2048] aiming for ...Nd6. Black is not keeping still} 26. Ng5 (26. Qh4 $11) 26... Bh6 (26... h6 $1 $17 27. Nxe4 fxe4 28. Rxe4 Bc6) 27. Nxe4 $1 fxe4 28. Rxe4 Bd7 29. Re7 Ba4 (29... Bf5 $5 {[%cal Rh6f4]}) 30. b3 (30. R7e6 $11 Qg7 31. Rf1) 30... Bc6 $17 31. R1e6 $2 (31. Qc5 $1 $15) 31... Qxf4 $19 32. Rxc6 $2 (32. Qg4 Qc1+ 33. Re1 Qxc3 34. Qe6) 32... Qc1+ 33. Kh2 Bf4+ $1 34. g3 {[#]} Bxg3+ $1 {[%mdl 512]} 35. Kg2 {[#] Rc8 is the strong threat.} (35. Kxg3 Qg1+) 35... Bd6 $2 (35... Ng5 $2 36. Qe2 $18 (36. Kxg3 $2 {leads to mate.} Qg1+ 37. Kh4 Qf2+ 38. Kxg5 Qf4#)) ({Better is} 35... Bh2 $1 $19 {[%mdl 512]} 36. Kxh2 Rg8) 36. Rxd6 $1 $11 ({Wrong is} 36. Rxf7 $2 Rg8+ 37. Qg4 (37. Kf2 {is a self mate.} Qg1+ 38. Ke2 Rg2+ 39. Kd3 Qb1+ 40. Ke3 Qe1+ 41. Qe2 Qxe2+ 42. Kd4 Qd2+ 43. Ke4 Qe1+ 44. Kf5 Qe5#) 37... Qc2+ 38. Kf1 Rxg4 $19) 36... Rg8+ 37. Kf2 $2 {[%mdl 8192] [#]} (37. Kf3 $11 Qf1+ 38. Ke3 Qe1+ 39. Qe2 Qg3+ 40. Qf3 Qg5+ 41. Kd3 Nxd6 42. Qe2) 37... Qg1+ $1 $19 38. Ke2 Qh2+ 39. Ke3 {[#]} Rg3+ $1 40. Ke4 Qc2+ (40... Qg2+ $142 41. Kf5 Rg5+ 42. Ke6 Rxh5 43. Rd5 Qe4+ 44. Kd7 Rxd5+ 45. cxd5 Qxd5+ 46. Ke8 Qc6+ 47. Kf8 Nd6 48. Rxh7+ Kxh7 49. Ke7 Nc8+ 50. Kd8 Nb6 51. Ke7 Kg7 52. h4 Qd7#) 41. Kf4 Qf2+ {Precision: White = 39%, Black = 60%.} 0-1

[Event "World Junior U20 Open 2018"]
[Site "Gebze"]
[Date "2018.09.14"]
[Round "10.18"]
[White "Gokerkan, Cem Kaan"]
[Black "Martinez Alcantara, Jose Eduardo"]
[Result "1/2-1/2"]
[WhiteElo "2416"]
[BlackElo "2565"]
[Annotator "TA"]
[PlyCount "102"]
[EventDate "2018.09.05"]
[EventType "swiss"]
[EventCountry "TUR"]
[SourceTitle "playchess.com"]
[Source "ChessBase"]
[SourceQuality "1"]

{[%evp 12,102,29,0,0,0,0,0,14,0,23,9,20,-23,-4,0,21,0,0,-27,-7,-41,-12,-15,-14,-19,0,-7,38,39,32,33,33,31,43,33,33,38,65,42,33,17,33,0,0,0,55,53,73,66,69,72,63,69,79,87,99,81,91,0,0,-96,-101,-198,24,23,45,50,56,43,43,43,43,43,45,0,0,0,0,0,0,-12,-12,-8,-8,-60,-60,-60,-60,-60,-54,-60,-60]} 1. e4 e5 2. Nf3 Nc6 3. Bc4 Bc5 4. c3 Nf6 5. d3 d6 6. Nbd2 O-O 7. Bb3 h6 {C54: Giuoco Piano: 4 c3 Nf6, main lines with 5 d4 and 5 d3} (7... Be6 8. O-O Bxb3 9. Qxb3 Rb8 10. h3 Re8 11. Re1 Qd7 12. Nf1 Bb6 13. Ng3 Qe6 14. Qc2 h6 15. Nh4 {½-½ (36) Radjabov,T (2724)-Carlsen,M (2881) Dubai 2014}) 8. Nf1 a5 9. Ng3 Be6 $146 {The position is equal.} ({Predecessor:} 9... d5 10. exd5 Nxd5 11. O-O Re8 12. Ne4 Be7 13. d4 exd4 14. Nxd4 Nxd4 15. Qxd4 {0-1 (47) Tiviakov,S (2637)-Adams,M (2728) Germany 2011}) 10. O-O Ba7 11. Qe2 Qd7 12. Kh1 Ne7 13. Nh4 a4 14. Bc2 Nh7 15. Bd2 b5 16. a3 c6 (16... Bg4 $5 {[%cal Rg4e2]} 17. f3 Be6 $15) 17. Rae1 Rae8 18. Bc1 Kh8 19. Qd1 g5 {[#]} 20. Nhf5 $1 {[%mdl 512]} Bxf5 21. exf5 Ng8 22. b3 axb3 23. Bxb3 Nhf6 24. a4 Bb6 25. h3 Ba5 26. Bb2 Rb8 {[#] And now ...bxa4 would win.} 27. axb5 Rxb5 {Hoping for ...Rfb8.} 28. Ba1 Re8 (28... Ra8 $11) 29. Ba4 $14 Rbb8 30. d4 Qc7 31. dxe5 dxe5 32. Qf3 Rbc8 33. Re2 Bb6 34. Rfe1 Re7 35. Ne4 (35. Kg1 $16) 35... Nxe4 $1 $11 36. Rxe4 (36. Qxe4 $11 Nf6 37. Qc2) 36... Nf6 $17 37. R4e2 (37. Rb4 $17) 37... Qd6 $2 (37... e4 $19 38. Qg3 Qxg3 39. fxg3 Nh5) 38. Rd1 $11 Qc5 39. c4 Kg7 40. Rde1 {[%cal Ra1e5]} Qb4 41. Bc2 Qxc4 42. Bb3 Qf4 $1 43. Rxe5 Rxe5 44. Bxe5 {Qh5 would kill now.} Qxf3 45. gxf3 Rd8 46. f4 Bxf2 47. fxg5 (47. Re4 {is interesting.} c5 48. Ra4 Bd4 49. Ra6 gxf4 50. Rxf6 Bxe5 51. Rxf7+ Kh8 52. Kg2) 47... hxg5 48. Rd1 ({White should try} 48. Re4 $1 $11) 48... Rxd1+ $1 $15 {Black is slightly better.} 49. Bxd1 c5 $1 50. Bb3 Bd4 51. Bxf6+ Kxf6 {Precision: White = 56%, Black = 51%.} 1/2-1/2